000 00313nam a2200121Ia 4500
008 240731s9999 xx 000 0 und d
022 _a1178-1998
245 0 _aClinical Interventions in Aging
260 _bDove Medical Press
856 _uhttps://www.tandfonline.com/loi/dcia20
942 _2ddc
942 _cTFEJ
999 _c75892
_d75892
945 _a1
_bMadushi Gamage
_c1
_dMadushi Gamage